00309nam a2200121Ia 4500008004100000041000800041082001600049100002200065245004500087260003100132300001700163365000700180240624s9999 xx 000 0 und d aeng a006.312 BER aBERRY MICHAEL J A aMASTERING DATA MINING THE ART AND SCIENC c2003aNew YorkbJohn Wiley axviii, : 494 cRS